Money, income and financial institutions / (Record no. 126429)

MARC details
000 -LEADER
fixed length control field 00632nam a22002297a 4500
005 - DATE AND TIME OF LATEST TRANSACTION
control field 20170124110009.0
010 ## - LIBRARY OF CONGRESS CONTROL NUMBER
LC control number A-346371
020 ## - INTERNATIONAL STANDARD BOOK NUMBER
Terms of availability 00.00
035 ## - SYSTEM CONTROL NUMBER
System control number A-346371
037 ## - SOURCE OF ACQUISITION
Source of stock number/acquisition Cen Lib/Ret
040 ## - CATALOGING SOURCE
Original cataloging agency DPL
Language of cataloging EN
082 ## - DEWEY DECIMAL CLASSIFICATION NUMBER
Classification number 332
Item number MIS
100 ## - MAIN ENTRY--PERSONAL NAME
Personal name Misra, S.K.
9 (RLIN) 8602
245 ## - TITLE STATEMENT
Title Money, income and financial institutions /
Statement of responsibility, etc by S.K. Misra
250 ## - EDITION STATEMENT
Edition statement 4th ed
260 ## - PUBLICATION, DISTRIBUTION, ETC. (IMPRINT)
Place of publication, distribution, etc Delhi
Name of publisher, distributor, etc Pragati Publications
Date of publication, distribution, etc 1986
270 ## - ADDRESS
Address 9926, Library Road
City Delhi
Postal code 110006
300 ## - PHYSICAL DESCRIPTION
Extent xii,514p.
Dimensions 20cm(Hb)
650 ## - SUBJECT ADDED ENTRY--TOPICAL TERM
Topical term or geographic name as entry element Money.
9 (RLIN) 74461
650 ## - SUBJECT ADDED ENTRY--TOPICAL TERM
Topical term or geographic name as entry element Financial Economics
9 (RLIN) 1790
942 ## - ADDED ENTRY ELEMENTS (KOHA)
Source of classification or shelving scheme Dewey Decimal Classification
Koha item type English Books
Classification part 332
Call number suffix MIS
Holdings
Withdrawn status Lost status Damaged status Not for loan Home library Current library Date acquired Source of acquisition Cost, normal purchase price Total Checkouts Full call number Barcode Date last seen Copy number Cost, replacement price Price effective from Koha item type Public note
Written off       Central Library Central Library 25/06/2015 Cen Lib/Ret 0.00   332 MIS A-346371 25/06/2015 1 0.00 25/06/2015 English Books Written off on approval by DLB (By Circulation); dtd 15-06-2023

© Delhi Public Library
Hit Counter
free hit counter